1957 1123 1757 1262 1125 1126 1993 1544 1894 1867 1964 1003 1325 1381 1648 1042 1496 1660 1623 1745 1873 1945 1131 1780 1264 1135 1562 1794 1933 1214 1264 1184 1423 1013 1767 1793 1629 1506 1227 1786 1931 1720 1060 1378 1688 1573 1849 1713 1602 1316 1484 1008 1848 1874 1799 1566 1580 1221 1800 1633 1192 1440 1964 1312 1879 1934 1739 1476 1455 1661 1008 1984 1514 1228 1805 1802 1067 1037 1395 1597 1979 1637 1472 1303 1463 1182 1192 1060 1370 1020 1150 1171 1064 1249 1558 1733 1377 1254 1483 BCNSPRNW ULIB Ver.6.0+V

เปลี่ยนเป็นภาษาไทย

Change to English
 แสดงรายละเอียดบรรณานุกรม
  กลับหน้าหลัก

Brief Record : Get Marc (ISO 2709) : E-mail record : QR code < ปิดหน้าต่าง
LEADER : 00000nam 2200000uu 4500
001    13399111170
003     ULIB
008    110619s2548||||th 000 0 tha d
060  4 WY18.2^bว587อ 2548
110 1  วิทยาลัยพยาบาลเครือข่ายภาคกลาง
245 00 สาระทบทวน วิชา การพยาบาลอนามัยชุมชนและรักษาเบื้องต้น/^cวิทยาลัยพยาบาลเครือข่ายภาคกลาง
250    พิมพ์ครั้งที่ 1
260    กรุงเทพฯ:^bวิทยาลัยพยาบาลเครือข่ายภาคกลาง,^c2548
300    147 หน้า
650  7 การพยาบาลอนามัยชุมชน^xคำถามและคำตอบ
650  7  การรักษาเบื้อต้น^xคำถามและคำตอบ
945    ^p0^l0^i13700
945    ^p0^l0^i13701
995     เกษร
999    ^aใช้งานได้ทุกระบบ
รายการนี้ยังไม่มีแท็ก
คุณยังไม่ได้ล็อกอิน คุณสามารถมีกิจกรรมร่วมกับเว็บไซต์ได้ แต่ต้องล็อกอินก่อน ::
  ล็อกอิน

รายการสื่อสารสนเทศ

ลำดับที่ ประเภท เลขเรียก/บาร์โค้ด สถานที่ สถานะ
- ไม่พบข้อมูล -

BibComment


ยังไม่เคยถูกคอมเมนท์

คอมเมนท์ทรัพยากรรายการนี้
  คอมเมนท์: สาระทบทวน วิชา กา..


 Copyright 2026. Bcnsprnw @Library